Statistics for Harry Potter Character Groups Quiz

Click here to take the quiz!

General Stats

  • This quiz has been taken 5,348 times
    (5,294 since last reset)
  • The average score is 44 of 82

Answer Stats

Main Characters% Correct
Ron
100%
Harry Potter
99%
Fred
98%
George
98%
Ginny
98%
Hermione Granger
98%
Ron Weasley
98%
Molly
97%
Percy
97%
Arthur
96%
Bill
96%
Charlie
95%
Severus Snape
93%
Snape
90%
Cho Chang
87%
McGonagall
85%
Neville Longbottom
85%
Luna Lovegood
82%
Lucius Malfoy
80%
Flitwick
79%
Lupin
75%
Fred Weasley
74%
George Weasley
74%
Dumbledore
73%
Ginny Weasley
73%
Hagrid
71%
Dean Thomas
70%
Lockhart
70%
Trelawney
70%
Quirrel
69%
Bellatrix Lestrange
68%
Umbridge
68%
Sprout
67%
Seamus Finnigan
66%
Slughorn
62%
Draco Malfoy
56%
Barty Crouch Jr.
55%
Barty Crouch Jr.
55%
Parvati Patil
52%
Colin Creevey
51%
Hooch
51%
Padma Patil
51%
Crabbe Sr.
49%
Goyle Sr.
49%
Lavender Brown
47%
Rabastan Lestrange
45%
Rodolphus Lestrange
45%
Katie Bell
43%
Peter Pettigrew
43%
Dennis Creevey
38%
Angelina Johnson
37%
Fenrir Greyback
37%
Lee Jordan
37%
Regulus Black
36%
Hannah Abbott
35%
Alecto Carrow
33%
Amycus Carrow
33%
Antonin Dolohov
32%
Ernie Macmillan
32%
Igor Karkaroff
30%
Zacharias Smith
30%
Alicia Spinnet
29%
Marietta Edgecombe
29%
Michael Corner
29%
Susan Bones
29%
Yaxley
27%
Grubbly-Plank
24%
Justin Finch-Fletchley
24%
Terry Boot
24%
Walden Macnair
21%
Augustus Rookwood
20%
Nott Sr.
19%
Anthony Goldstein
16%
Avery
16%
Evan Rosier
15%
Thorfinn Rowle
15%
Travers
10%
Mulciber
9%
Gibbon
8%
Jugson
8%
Selwyn
7%
Wilkes
6%

Score Distribution

Percentile by Number Answered

Percent of People with Each Score

Your Score History

You have not taken this quiz since the last reset